000
nam a22 7a 4500
999
_c
232932
_d
232932
003
Nust
005
20170227100401.0
008
170227b xxu||||| |||| 00| 0 eng d
040
_c
DLC
082
_a
928 MUF
245
_a
الکھ نگرِی
_c
ممتا ز مفتی
260
_a
Lahore :
_c
2008
300
_a
880p. :
_c
26cm
942
_2
ddc
_c
BK